Un evento al mese - 2021 - Statistics

Statistiche generali
  • Questo quiz è stato fatto 30 volte
  • Il punteggio medio è 5 su 12
Statistiche sulle risposte
Mese Domanda Risposta % Corretto
Maggio Quale band vinse l'Eurovision Song Contest? Måneskin
96%
Luglio Quale nazionale vinse i Campionati Europei di calcio? Nazionale dell'Italia
89%
Aprile Su quale pianeta si levò in volo l'elicottero della NASA Inguenuity, diventando il primo velivolo a motore nella storia a decollare su di un pianeta alieno? Marte
86%
Marzo In quale canale si incagliò la Ever Given, una delle più grandi navi portacontainer del monfo? Canale di Suez
71%
Agosto Quale città fu conquistata dai talebani il 15 agosto? Kabul
54%
Febbraio In quale paese del Sud-est asiatico vi fu un colpo di Stato il 1 febbraio? Birmania
36%
Gennaio Quale palazzo di Washington fu assaltato dai sostenitori di Donald Trump per contrastare il risultato delle elezioni presidenziali del 2020? Palazzo del Campidoglio
36%
Settembre Quale paese divenne il primo ad accettare il Bitcoin come moneta ufficiale? El Salvador
25%
Novembre Quale nazione dell'America centrale divenne una Repubblica dopo 55 anni dalla sua indipendenza? Barbados
7%
Giugno Dopo 12 anni, chi non fu più Primo ministro di Israele? Benjamin Netanyahu
4%
Ottobre Dove si tenne il 16° vertice del G20? Roma
4%
Dicembre Quale telescopio venne lanciato il 15 dicembre, diventando il successore di Hubble? Telescopio spaziale James Webb
4%
Nessun quiz corrispondente trovato
Distribuzione punteggi
Percentuale di utenti per punteggio
Percentile per numero di risposta
I tuoi punteggi nel tempo
Non hai fatto questo quiz